00526nam a2200169Ia 4500003000400000008004100004040001600045082002000061100001700081245009900098700001700197260004300214300004600257650002000303650001600323650001700339GCL140319s9999 xx 000 0 eng d aGCL / cGCL04aVCb791.43bW P1 aNELSON, GARY10aTHE WATCH COMMANDER : ( VIDEO RECORDING ) : bالحارس الجبـــار / cNELSON, GARY1 aWARDEN, JACK a[S.N] : bCOLUMBIA TRISTAR HOME VIDEO a1\2 INCH:bCOLOUR ؛ c1 FILM ( 135 MIN )04aMOTION PICTURES04aVIDEO TAPES04aACTION FILMS